[Event "<1600, practising wit Ruy"]
[Site "SchemingMind.com"]
[Date "2010.06.24"]
[Round "-"]
[White "Timaeus"]
[Black "lemmie"]
[Result "0-1"]
[WhiteCountry "JPN"]
[BlackCountry "NED"]
[WhiteElo "1397"]
[WhiteRD "68"]
[BlackElo "1825"]
[BlackRD "63"]
[GameID "252331"]

1. e4 e5 2. Nf3 Nc6 3. Bb5 a6 4. Ba4 Nf6 5. O-O Be7 6. Re1 b5 7. Bb3 d6 8. c3 O-O 9. h3 Na5 10. Bc2 d5
11. Nxe5 dxe4 12. Bxe4 Nxe4 13. Rxe4 Bb7 14. Rd4 Bd6 15. b4 Nc6 16. Nxc6 Bxc6 17. c4 Qf6 18. Bb2 Be5 19. Rf4 Qxf4 20. Bxe5 Qxe5
21. Nc3 Qg5 22. g3 Rad8 23. d3 bxc4 24. d4 Rfe8 25. d5 Bxd5 26. a4 Be6 27. Qf1 Rd3 28. Rc1 Bc8 29. Ne2 Bb7 30. Rxc4 Qd5
0-1

[Event "<1600, practising wit Ruy"]
[Site "SchemingMind.com"]
[Date "2010.06.24"]
[Round "-"]
[White "Timaeus"]
[Black "lapista59"]
[Result "0-1"]
[WhiteCountry "JPN"]
[BlackCountry "HUN"]
[WhiteElo "1435"]
[WhiteRD "72"]
[BlackElo "1433"]
[BlackRD "68"]
[GameID "252332"]

1. e4 e5 2. Nf3 Nc6 3. Bb5 a6 4. Ba4 Nf6 5. O-O Be7 6. Re1 b5 7. Bb3 d6 8. c3 O-O 9. h3 Na5 10. Bc2 d5
11. b4 Nc4 12. exd5 Bb7 13. d4 Bxd5 14. Nxe5 Ra7 15. Nd2 Bd6 16. Ndf3 a5 17. Ng5 g6 18. Bf4 Nh5 19. Qg4 axb4 20. cxb4 Bxb4
21. Nd7 Bxe1 22. Nxf8 Nf6 23. Qh4 Bc3 24. Nxf7 Qxf8 25. Nh6+ Kg7 26. Be5 Bxa1
0-1

[Event "<1600, practising wit Ruy"]
[Site "SchemingMind.com"]
[Date "2010.06.20"]
[Round "-"]
[White "Timaeus"]
[Black "Olli Ylönen"]
[Result "1-0"]
[WhiteCountry "JPN"]
[BlackCountry "FIN"]
[WhiteElo "1397"]
[WhiteRD "68"]
[BlackElo "1426"]
[BlackRD "54"]
[GameID "252333"]

1. e4 e5 2. Nf3 Nc6 3. Bb5 a6 4. Ba4 Nf6 5. O-O Be7 6. Re1 b5 7. Bb3 d6 8. c3 O-O 9. h3 Na5 10. Bc2 d5
11. d3 d4 12. Bg5 dxc3 13. Nxc3 h6 14. Bxf6 Bxf6 15. Nd5 c5 16. a4 b4 17. Nxf6+ Qxf6 18. Qd2 b3 19. Qxa5 bxc2 20. Qxc5 Bxh3
21. Qxe5 Qxe5 22. Nxe5 Be6 23. Nc4 Bxc4 24. dxc4 Rab8 25. Ra2 Rfd8 26. Raa1 Rxb2 27. c5 Rd4 28. Rec1 Rxe4 29. Kf1 Rxa4 30. Rxa4 Rb1
31. Ra1
1-0

[Event "<1600, practising wit Ruy"]
[Site "SchemingMind.com"]
[Date "2010.06.22"]
[Round "-"]
[White "Timaeus"]
[Black "swarupsawant"]
[Result "0-1"]
[WhiteCountry "JPN"]
[BlackCountry "IND"]
[WhiteElo "1435"]
[WhiteRD "72"]
[BlackElo "1699"]
[BlackRD "70"]
[GameID "252334"]

1. e4 e5 2. Nf3 Nc6 3. Bb5 a6 4. Ba4 Nf6 5. O-O Be7 6. Re1 b5 7. Bb3 d6 8. c3 O-O 9. h3 Na5 10. Bc2 d5
11. d3 Bb7 12. b4 dxe4 13. dxe4 Nc4 14. Qxd8 Raxd8 15. Bb3 Bxe4 16. Nbd2 Nxd2 17. Bxd2 Bxf3 18. Rxe5 Bd6 19. Rf5 Be4 20. Rg5 Bxb4
21. Rd1 Ba5 22. h4 Bb6 23. Be3 Bxe3 24. Rxd8 Bxf2+ 25. Kxf2 Rxd8 26. Re5 Ng4+
0-1

[Event "<1600, practising wit Ruy"]
[Site "SchemingMind.com"]
[Date "2010.06.24"]
[Round "-"]
[White "Timaeus"]
[Black "Lars"]
[Result "0-1"]
[WhiteCountry "JPN"]
[BlackCountry "SWE"]
[WhiteElo "1435"]
[WhiteRD "72"]
[BlackElo "1558"]
[BlackRD "66"]
[GameID "252335"]

1. e4 e5 2. Nf3 Nc6 3. Bb5 a6 4. Ba4 Nf6 5. O-O Be7 6. Re1 b5 7. Bb3 d6 8. c3 O-O 9. h3 Na5 10. Bc2 d5
11. d3 Bb7 12. d4 dxe4 13. Nxe5 Bd6 14. b4 Nc6 15. Nxc6 Bxc6 16. Bg5 Re8 17. Nd2 h6 18. Bxf6 Qxf6 19. Nxe4 Qf4 20. Ng3 Rxe1+
21. Qxe1 Re8 22. Ne2 Qh2+
0-1

[Event "<1600, practising wit Ruy"]
[Site "SchemingMind.com"]
[Date "2010.06.24"]
[Round "-"]
[White "Timaeus"]
[Black "wolfik"]
[Result "0-1"]
[WhiteCountry "JPN"]
[BlackCountry "POL"]
[WhiteElo "1397"]
[WhiteRD "68"]
[BlackElo "1653"]
[BlackRD "96"]
[GameID "252336"]

1. e4 e5 2. Nf3 Nc6 3. Bb5 a6 4. Ba4 Nf6 5. O-O Be7 6. Re1 b5 7. Bb3 d6 8. c3 O-O 9. h3 Na5 10. Bc2 d5
11. Nxe5 Nxe4 12. Bxe4 dxe4 13. Rxe4 Bb7 14. Rd4 Bd6 15. Qe1 Re8 16. f4 f6 17. b4 fxe5 18. fxe5 Rxe5 19. Qf2 Nc4 20. d3 Nb6
21. Bf4 Rf5 22. g3 Qf6 23. Nd2 Rf8 24. Re1 Na4 25. Ne4 Bxe4 26. Rdxe4 Nxc3 27. Re8 Bxb4 28. R1e6 Bc5 29. Rxf8+ Qxf8 30. Re3 Nd1
0-1

[Event "<1600, practising wit Ruy"]
[Site "SchemingMind.com"]
[Date "2010.06.24"]
[Round "-"]
[White "jtrochez1"]
[Black "Timaeus"]
[Result "1-0"]
[WhiteCountry "HON"]
[BlackCountry "JPN"]
[WhiteElo "1559"]
[WhiteRD "51"]
[BlackElo "1397"]
[BlackRD "68"]
[GameID "252337"]

1. e4 e5 2. Nf3 Nc6 3. Bb5 a6 4. Ba4 Nf6 5. O-O Be7 6. Re1 b5 7. Bb3 d6 8. c3 O-O 9. h3 Na5 10. Bc2 d5
11. d3 Nc6 12. a3 Be6 13. b4 a5 14. bxa5 Bc5 15. d4 exd4 16. cxd4 Nxe4 17. dxc5 Rxa5 18. Bxe4 dxe4 19. Nh2 Qxd1 20. Rxd1 b4
21. Nd2 Bd5 22. Ng4 Rxc5 23. axb4 Nxb4 24. Ba3 Rb5 25. Bxb4 Rxb4 26. Ne3 Bb3 27. Nxb3 Rxb3 28. Rd7 Rc3 29. Ra7 c5 30. Nd5 Rd3
31. Ne7+
1-0

[Event "<1600, practising wit Ruy"]
[Site "SchemingMind.com"]
[Date "2010.06.24"]
[Round "-"]
[White "cnile"]
[Black "Timaeus"]
[Result "0-1"]
[WhiteCountry "SCO"]
[BlackCountry "JPN"]
[WhiteElo "1444"]
[WhiteRD "59"]
[BlackElo "1435"]
[BlackRD "72"]
[GameID "252338"]

1. e4 e5 2. Nf3 Nc6 3. Bb5 a6 4. Ba4 Nf6 5. O-O Be7 6. Re1 b5 7. Bb3 d6 8. c3 O-O 9. h3 Na5 10. Bc2 d5
11. Nxe5 Nxe4 12. d4 Nb7 13. Nd2 Nbd6 14. Ndf3 Bf6 15. Bb3 c6 16. Nxc6 Qd7 17. Nce5 Qf5 18. Bxd5 Nxf2 19. Kxf2 Bh4+ 20. g3 Qxh3
21. Bf4 Bg4 22. Nxg4 Qxg4 23. Qd3 Nf5 24. Bxa8 Bxg3+ 25. Bxg3 Qxg3+ 26. Ke2 Qg2+ 27. Kd1 Rxa8 28. Qxf5 g6 29. Qf6 Qxb2 30. Ng5 Rf8
31. Re8 Qxa1+ 32. Kc2 Qxa2+ 33. Kd3 Rxe8 34. Qc6 Qe2#
0-1

[Event "<1600, practising wit Ruy"]
[Site "SchemingMind.com"]
[Date "2010.06.24"]
[Round "-"]
[White "lemmie"]
[Black "Timaeus"]
[Result "1-0"]
[WhiteCountry "NED"]
[BlackCountry "JPN"]
[WhiteElo "1807"]
[WhiteRD "56"]
[BlackElo "1435"]
[BlackRD "72"]
[GameID "252339"]

1. e4 e5 2. Nf3 Nc6 3. Bb5 a6 4. Ba4 Nf6 5. O-O Be7 6. Re1 b5 7. Bb3 d6 8. c3 O-O 9. h3 Na5 10. Bc2 d5
11. exd5 Nxd5 12. Nxe5 Bb7 13. d4 Nc4 14. Qd3 Bd6 15. Qxh7#
1-0

[Event "<1600, practising wit Ruy"]
[Site "SchemingMind.com"]
[Date "2010.06.19"]
[Round "-"]
[White "lapista59"]
[Black "Timaeus"]
[Result "1-0"]
[WhiteCountry "HUN"]
[BlackCountry "JPN"]
[WhiteElo "1403"]
[WhiteRD "65"]
[BlackElo "1426"]
[BlackRD "72"]
[GameID "252340"]

1. e4 e5 2. Nf3 Nc6 3. Bb5 a6 4. Ba4 Nf6 5. O-O Be7 6. Re1 b5 7. Bb3 d6 8. c3 O-O 9. h3 Na5 10. Bc2 d5
11. Nxe5 Bxh3 12. gxh3 d4 13. Qf3 Bd6 14. Ng4 Qe7 15. Qg3 Bxg3 16. fxg3 Nc6 17. e5 Nxg4 18. hxg4 Nxe5 19. cxd4 Rfe8 20. Kg2 Qd6
21. dxe5 Qc6+ 22. Be4 Qxc1 23. Rxc1 Rac8 24. Nc3 Rxe5 25. Kf3 g5 26. Rh1 Rce8 27. Rae1 R8e6 28. Bxh7+ Kf8 29. Ne4
1-0

[Event "<1600, practising wit Ruy"]
[Site "SchemingMind.com"]
[Date "2010.06.24"]
[Round "-"]
[White "Olli Ylönen"]
[Black "Timaeus"]
[Result "0-1"]
[WhiteCountry "FIN"]
[BlackCountry "JPN"]
[WhiteElo "1426"]
[WhiteRD "54"]
[BlackElo "1397"]
[BlackRD "68"]
[GameID "252341"]

1. e4 e5 2. Nf3 Nc6 3. Bb5 a6 4. Ba4 Nf6 5. O-O Be7 6. Re1 b5 7. Bb3 d6 8. c3 O-O 9. h3 Na5 10. Bc2 d5
11. d3 dxe4 12. dxe4 Nb7 13. a4 Bd7 14. Nxe5 a5 15. Nxd7 Nxd7 16. axb5 Bf6 17. Bf4 Nd6 18. Bxd6 cxd6 19. Qxd6 Be5 20. Qd5 Re8
21. Ba4 Nb6 22. Qxd8 Raxd8 23. Bb3 Nd7 24. Rxa5 Rb8 25. c4 Bxb2 26. Rd1 Nc5 27. Ba4 Rxe4 28. b6 Rxc4 29. Bb5 Rc1 30. Rxc1 Bxc1
31. Nc3 Bd2 32. Ra3 g6 33. Nd5 Kg7 34. Kf1 Rd8 35. Bc4 Re8 36. Ra1 Re4 37. Ba6 Nxa6 38. b7 Re8 39. g4 Nb8 40. Ra8 Rd8
41. Ke2 Rxd5 42. Rxb8 Bf4 43. Rc8 Rb5 44. Kf3 Rb4
0-1

[Event "<1600, practising wit Ruy"]
[Site "SchemingMind.com"]
[Date "2010.06.24"]
[Round "-"]
[White "swarupsawant"]
[Black "Timaeus"]
[Result "1-0"]
[WhiteCountry "IND"]
[BlackCountry "JPN"]
[WhiteElo "1683"]
[WhiteRD "64"]
[BlackElo "1426"]
[BlackRD "72"]
[GameID "252342"]

1. e4 e5 2. Nf3 Nc6 3. Bb5 a6 4. Ba4 Nf6 5. O-O Be7 6. Re1 b5 7. Bb3 d6 8. c3 O-O 9. h3 Na5 10. Bc2 d5
11. exd5 Qxd5 12. d4 e4 13. Nfd2 Re8 14. Nxe4 c5 15. Nxf6+ gxf6 16. Be4 Qb3 17. axb3 Be6 18. Bxa8 Rxa8 19. Rxa5 Bd8 20. d5 Bd7
21. Ra1 Kf8 22. Qh5
1-0

[Event "<1600, practising wit Ruy"]
[Site "SchemingMind.com"]
[Date "2010.06.24"]
[Round "-"]
[White "Lars"]
[Black "Timaeus"]
[Result "0-1"]
[WhiteCountry "SWE"]
[BlackCountry "JPN"]
[WhiteElo "1558"]
[WhiteRD "66"]
[BlackElo "1435"]
[BlackRD "72"]
[GameID "252343"]

1. e4 e5 2. Nf3 Nc6 3. Bb5 a6 4. Ba4 Nf6 5. O-O Be7 6. Re1 b5 7. Bb3 d6 8. c3 O-O 9. h3 Na5 10. Bc2 d5
11. Nxe5 Bd6 12. d4 c6 13. b4 Nc4 14. Nxc6 Qd7 15. Na5 Bb7 16. Nxc4 dxc4 17. e5 Qc6 18. f3 Bc7 19. exf6 Qxf6 20. Nd2 Rad8
21. Ne4 Bxe4 22. Rxe4 Rfe8 23. Rh4 Qxh4 24. Kf1 Bg3 25. Be4 f5 26. Qe2 fxe4 27. fxe4 Rxe4 28. Qc2 Re1#
0-1

[Event "<1600, practising wit Ruy"]
[Site "SchemingMind.com"]
[Date "2010.06.24"]
[Round "-"]
[White "wolfik"]
[Black "Timaeus"]
[Result "1-0"]
[WhiteCountry "POL"]
[BlackCountry "JPN"]
[WhiteElo "1653"]
[WhiteRD "96"]
[BlackElo "1397"]
[BlackRD "68"]
[GameID "252344"]

1. e4 e5 2. Nf3 Nc6 3. Bb5 a6 4. Ba4 Nf6 5. O-O Be7 6. Re1 b5 7. Bb3 d6 8. c3 O-O 9. h3 Na5 10. Bc2 d5
11. exd5 Bd6 12. Nxe5 Bb7 13. d4 Bxd5 14. Nd2 c5 15. dxc5 Bxc5 16. b4 Bxf2+ 17. Kxf2 Qb6+ 18. Kf1 Rfe8 19. bxa5 Qb7 20. Ndf3 Bc4+
21. Bd3 Rad8 22. Qc2 Bxd3+ 23. Nxd3 Ne4 24. Be3 Ng3+ 25. Kf2 Nf5 26. Bb6 Rc8 27. Nc5 Qd5 28. Rad1 Rxe1 29. Rxd5
1-0

[Event "<1600, practising wit Ruy"]
[Site "SchemingMind.com"]
[Date "2010.06.19"]
[Round "-"]
[White "scottie"]
[Black "jtrochez1"]
[Result "0-1"]
[WhiteCountry "ENG"]
[BlackCountry "HON"]
[WhiteElo "1430"]
[WhiteRD "87"]
[BlackElo "1559"]
[BlackRD "51"]
[GameID "252368"]

1. e4 e5 2. Nf3 Nc6 3. Bb5 a6 4. Ba4 Nf6 5. O-O Be7 6. Re1 b5 7. Bb3 d6 8. c3 O-O 9. h3 Na5 10. Bc2 d5
11. Nxe5 Bd6 12. Nf3 dxe4 13. Bxe4 Nxe4 14. Rxe4 Bf5 15. Re1 c5 16. d4 c4 17. Be3 Qd7 18. Nbd2 Bd3 19. Nf1 f5 20. b3 Rae8
21. bxc4 bxc4 22. N1d2 f4 23. Bxf4 Bxf4 24. Rxe8 Rxe8 25. Ne1 Bg6 26. Nef3 Qc7 27. Qa4 Bxd2 28. Nxd2 Bd3 29. Nf3 Rf8 30. Re1 Nc6
31. Qxa6 Ne7 32. Ne5 Nd5 33. Qe6+ Kh8 34. Qxd5 Bg6 35. Nxg6+ hxg6 36. Re4 Rf5 37. Re8+ Kh7 38. h4 Rxd5
0-1

[Event "<1600, practising wit Ruy"]
[Site "SchemingMind.com"]
[Date "2010.06.19"]
[Round "-"]
[White "scottie"]
[Black "cnile"]
[Result "0-1"]
[WhiteCountry "ENG"]
[BlackCountry "SCO"]
[WhiteElo "1350"]
[WhiteRD "91"]
[BlackElo "1444"]
[BlackRD "59"]
[GameID "252369"]

1. e4 e5 2. Nf3 Nc6 3. Bb5 a6 4. Ba4 Nf6 5. O-O Be7 6. Re1 b5 7. Bb3 d6 8. c3 O-O 9. h3 Na5 10. Bc2 d5
11. Nxe5 dxe4 12. Bxe4 c6 13. Nxc6 Nxc6 14. Bxc6 Rb8 15. d4 Rb6 16. Bf3 Nd5 17. Nd2 Rg6 18. Ne4 Bxh3 19. Kf1 Bf5 20. Bh5 Rc6
21. Ng3 Be6 22. Ne4 Nf6 23. Nxf6+ Bxf6 24. Bf3 Bc4+ 25. Be2 Bxe2+ 26. Rxe2 Rc5 27. Bf4 Rf5 28. Re4 Re8 29. Rxe8+ Qxe8 30. Qd2 g6
31. Re1 Qd7 32. Qe3 Kf8 33. Bh6+ Bg7 34. Bxg7+ Kxg7 35. a3 Qd5 36. Re2 Qd6 37. g3 Qd5 38. Qe7 Qh1#
0-1

[Event "<1600, practising wit Ruy"]
[Site "SchemingMind.com"]
[Date "2010.06.20"]
[Round "-"]
[White "scottie"]
[Black "lemmie"]
[Result "0-1"]
[WhiteCountry "ENG"]
[BlackCountry "NED"]
[WhiteElo "1350"]
[WhiteRD "91"]
[BlackElo "1807"]
[BlackRD "56"]
[GameID "252370"]

1. e4 e5 2. Nf3 Nc6 3. Bb5 a6 4. Ba4 Nf6 5. O-O Be7 6. Re1 b5 7. Bb3 d6 8. c3 O-O 9. h3 Na5 10. Bc2 d5
11. Nxe5 dxe4 12. Bxe4 Nxe4 13. Rxe4 Bb7 14. d4 Bxe4 15. Nd2 Bd5 16. Ndf3 Re8 17. Nh2 c5 18. Be3 Bd6 19. Nef3 Nc4 20. dxc5 Nxe3
21. Qd4 Bxh2+ 22. Nxh2 Nc2
0-1

[Event "<1600, practising wit Ruy"]
[Site "SchemingMind.com"]
[Date "2010.06.24"]
[Round "-"]
[White "scottie"]
[Black "Timaeus"]
[Result "1-0"]
[WhiteCountry "ENG"]
[BlackCountry "JPN"]
[WhiteElo "1430"]
[WhiteRD "87"]
[BlackElo "1397"]
[BlackRD "68"]
[GameID "252371"]

1. e4 e5 2. Nf3 Nc6 3. Bb5 a6 4. Ba4 Nf6 5. O-O Be7 6. Re1 b5 7. Bb3 d6 8. c3 O-O 9. h3 Na5 10. Bc2 d5
11. Nxe5 c5 12. Qf3 dxe4 13. Bxe4 Bd6 14. Bxa8 Bxh3 15. gxh3 Qxa8 16. Qxa8 Rxa8 17. d3 Re8 18. Nf3 c4 19. Rxe8+ Nxe8 20. Be3 cxd3
21. Nbd2 f6 22. Ne1 Nc4 23. Nxc4 bxc4 24. Nf3 a5 25. Re1 a4 26. Nd2 a3 27. Nxc4 Kf7 28. Nxa3
1-0

[Event "<1600, practising wit Ruy"]
[Site "SchemingMind.com"]
[Date "2010.06.19"]
[Round "-"]
[White "scottie"]
[Black "lapista59"]
[Result "0-1"]
[WhiteCountry "ENG"]
[BlackCountry "HUN"]
[WhiteElo "1350"]
[WhiteRD "91"]
[BlackElo "1433"]
[BlackRD "68"]
[GameID "252372"]

1. e4 e5 2. Nf3 Nc6 3. Bb5 a6 4. Ba4 Nf6 5. O-O Be7 6. Re1 b5 7. Bb3 d6 8. c3 O-O 9. h3 Na5 10. Bc2 d5
11. Nxe5 dxe4 12. Bxe4 Nxe4 13. Rxe4 Bd6 14. d4 Bb7 15. Re1 Bc6 16. Nxc6 Nxc6 17. Nd2 Qf6 18. Ne4 Qg6 19. Nxd6 h6 20. Ne4 Rae8
21. Qf3 f5 22. Qf4 Rxe4 23. Rxe4 fxe4 24. Qe3 Rf3 25. Qe2 Rxh3 26. Bf4 Rh4 27. Bxc7 Ne7 28. Bg3 Rg4 29. Rd1 Nd5 30. Kf1 Qh5
31. Ke1 e3 32. Qf3 b4 33. c4 Nf6 34. d5 Rxc4 35. Qxh5 Nxh5 36. d6 exf2+ 37. Bxf2 Nf6 38. d7 Nxd7 39. Rxd7 Kh7 40. Kd2 h5
41. Kd3 Rc1 42. Ra7 Rc6 43. Rb7 a5 44. Bd4 Rg6 45. Bb6 a4 46. Kc4 Rxg2 47. Bd4 h4 48. Rxb4 h3 49. Be5 g5 50. Rb7+ Kg6
51. Ra7 g4 52. Rxa4 g3 53. Ra3 h2 54. Rxg3+ Rxg3 55. Bxg3 h1=Q
0-1

[Event "<1600, practising wit Ruy"]
[Site "SchemingMind.com"]
[Date "2010.06.20"]
[Round "-"]
[White "scottie"]
[Black "Olli Ylönen"]
[Result "0-1"]
[WhiteCountry "ENG"]
[BlackCountry "FIN"]
[WhiteElo "1353"]
[WhiteRD "104"]
[BlackElo "1494"]
[BlackRD "50"]
[GameID "252373"]

1. e4 e5 2. Nf3 Nc6 3. Bb5 a6 4. Ba4 Nf6 5. O-O Be7 6. Re1 b5 7. Bb3 d6 8. c3 O-O 9. h3 Na5 10. Bc2 d5
11. Nxe5 Bd6 12. exd5 Nxd5 13. Be4 Bxe5 14. Qh5 g6 15. Qxe5 Re8 16. Qd4 Bb7 17. Qd3 Nf4 18. Qxd8 Raxd8 19. f3 Nd3 20. Bxd3 Rxe1+
21. Kf2 Rxc1
0-1

[Event "<1600, practising wit Ruy"]
[Site "SchemingMind.com"]
[Date "2010.06.20"]
[Round "-"]
[White "scottie"]
[Black "swarupsawant"]
[Result "0-1"]
[WhiteCountry "ENG"]
[BlackCountry "IND"]
[WhiteElo "1350"]
[WhiteRD "91"]
[BlackElo "1699"]
[BlackRD "70"]
[GameID "252374"]

1. e4 e5 2. Nf3 Nc6 3. Bb5 a6 4. Ba4 Nf6 5. O-O Be7 6. Re1 b5 7. Bb3 d6 8. c3 O-O 9. h3 Na5 10. Bc2 d5
11. Nxe5 Bd6 12. exd5 Bxe5 13. Rxe5 Nc4 14. Re2 Qxd5 15. d3 Ne5 16. d4 Ng6 17. Nd2 Nf4 18. f3 Nxe2+ 19. Qxe2 Re8 20. Qf2 Nh5
21. Be4 Qd6 22. Bxa8 Nf4 23. Ne4 Qh6 24. Qg3 Ne2+ 25. Kh2 Nxg3 26. Bxh6 Nxe4 27. Bxe4 gxh6 28. Re1 Kg7 29. g4 h5 30. Kg3 hxg4
31. hxg4 h5 32. Kh4 hxg4 33. fxg4 Bb7 34. Bxb7 Rxe1 35. Bxa6 c6 36. Bb7 Re6 37. b4 Kf8 38. d5 cxd5 39. Bxd5 Rd6 40. Bb3 Rc6
41. g5 Rxc3 42. Kg4 Kg7 43. Kf4 Kg6 44. Bd5 Ra3 45. Bb3 Ra7 46. Bc2+ Kg7 47. Bb3 Rd7 48. Kf5 Rd4 49. Bxf7 Kxf7 50. g6+ Kg7
0-1

[Event "<1600, practising wit Ruy"]
[Site "SchemingMind.com"]
[Date "2010.06.20"]
[Round "-"]
[White "scottie"]
[Black "Lars"]
[Result "0-1"]
[WhiteCountry "ENG"]
[BlackCountry "SWE"]
[WhiteElo "1350"]
[WhiteRD "91"]
[BlackElo "1558"]
[BlackRD "66"]
[GameID "252375"]

1. e4 e5 2. Nf3 Nc6 3. Bb5 a6 4. Ba4 Nf6 5. O-O Be7 6. Re1 b5 7. Bb3 d6 8. c3 O-O 9. h3 Na5 10. Bc2 d5
11. Nxe5 Bb7 12. d3 d4 13. Nf3 dxc3 14. b3 b4 15. Be3 Bd6 16. a3 c5 17. e5 Bxf3 18. Qxf3 Bxe5 19. Bxc5 Re8 20. Bxb4 Bh2+
21. Kxh2 Rxe1 22. Bxc3 Re8 23. Nd2 Rc8 24. Bxa5 Qd6+ 25. Qg3 Qxg3+ 26. Kxg3 Rxc2 27. Nf3 Rb8 28. Nd4 Rc5 29. Ne6 Rxa5 30. Nxg7 Kxg7
0-1

[Event "<1600, practising wit Ruy"]
[Site "SchemingMind.com"]
[Date "2010.06.20"]
[Round "-"]
[White "scottie"]
[Black "wolfik"]
[Result "1-0"]
[WhiteCountry "ENG"]
[BlackCountry "POL"]
[WhiteElo "1430"]
[WhiteRD "87"]
[BlackElo "1653"]
[BlackRD "96"]
[GameID "252376"]

1. e4 e5 2. Nf3 Nc6 3. Bb5 a6 4. Ba4 Nf6 5. O-O Be7 6. Re1 b5 7. Bb3 d6 8. c3 O-O 9. h3 Na5 10. Bc2 d5
11. Nxe5 dxe4 12. Bxe4 Nxe4 13. Rxe4 Qd5 14. Re1 Bb7 15. Nf3 Rfe8 16. d4 Nc4 17. Nbd2 Nd6 18. Nf1 Bh4 19. Ne3 Qc6 20. Nxh4 Re4
21. Qf3 Rxh4 22. Qxc6 Bxc6 23. Ng4 f5 24. Ne3 Re4 25. f3 Re6 26. Bd2 Rg6 27. d5 Bb7 28. b3 c6 29. c4 bxc4 30. bxc4 cxd5
31. Nxd5 Bxd5 32. cxd5 Nc4 33. Bc3 Rd6 34. Rad1 Rad8 35. Rc1 Rxd5 36. Bxg7 Kxg7 37. Rxc4 Ra5 38. Rc7+ Kg6 39. Re6+ Kg5 40. Rxh7 Rxa2
41. Kh2 Rdd2 42. Rg7+ Kf4 43. h4 Rd8 44. Rf7 Rg8 45. Re4#
1-0

[Event "<1600, practising wit Ruy"]
[Site "SchemingMind.com"]
[Date "2010.06.19"]
[Round "-"]
[White "jtrochez1"]
[Black "scottie"]
[Result "1/2-1/2"]
[WhiteCountry "HON"]
[BlackCountry "ENG"]
[WhiteElo "1559"]
[WhiteRD "51"]
[BlackElo "1430"]
[BlackRD "87"]
[GameID "252377"]

1. e4 e5 2. Nf3 Nc6 3. Bb5 a6 4. Ba4 Nf6 5. O-O Be7 6. Re1 b5 7. Bb3 d6 8. c3 O-O 9. h3 Na5 10. Bc2 d5
11. d3 dxe4 12. dxe4 Qxd1 13. Rxd1 Bb7 14. Re1 Nc4 15. Nbd2 Nxd2 16. Bxd2 Rad8 17. Be3 Bd6 18. Bg5 Rd7 19. Bxf6 gxf6 20. b4 c6
21. Rad1 Bc8 22. a4 Rfd8 23. a5 c5 24. bxc5 Bxc5 25. Rxd7 Rxd7 26. Rd1 Rxd1+ 27. Bxd1 Bb7 28. Nd2 b4 29. cxb4 Bxb4 30. Nc4 Bxe4
31. Be2 Bd5 32. Kf1 Bxc4 33. Bxc4 Bxa5 34. Bxa6 Kg7 35. Ke2 Kg6 36. f3 f5 37. Bb7 f4 38. Be4+ Kg7 39. Bf5 h6 40. Kd3 Kf6
41. Be4 Kg5 42. Ke2 h5 43. Kf1 Kh4=
1/2-1/2

[Event "<1600, practising wit Ruy"]
[Site "SchemingMind.com"]
[Date "2010.06.19"]
[Round "-"]
[White "cnile"]
[Black "scottie"]
[Result "0-1"]
[WhiteCountry "SCO"]
[BlackCountry "ENG"]
[WhiteElo "1444"]
[WhiteRD "59"]
[BlackElo "1350"]
[BlackRD "91"]
[GameID "252378"]

1. e4 e5 2. Nf3 Nc6 3. Bb5 a6 4. Ba4 Nf6 5. O-O Be7 6. Re1 b5 7. Bb3 d6 8. c3 O-O 9. h3 Na5 10. Bc2 d5
11. Nxe5 Bd6 12. exd5 Bxe5 13. Rxe5 Nxd5 14. d4 Nc6 15. Qd3 g6 16. Bh6 Re8 17. Rh5 Qd6 18. Nd2 Nf4 19. Bxf4 Qxf4 20. Nf3 gxh5
21. Qxh7+ Kf8 22. Qh8+ Ke7 23. Qxh5 Be6 24. Re1 Kd7 25. Ng5 Rh8 26. Nxe6 fxe6 27. Qg6 Rae8 28. Qg7+ Kc8 29. Be4 Reg8 30. Qxg8+ Rxg8
31. Bxc6 Qf6
0-1

[Event "<1600, practising wit Ruy"]
[Site "SchemingMind.com"]
[Date "2010.06.21"]
[Round "-"]
[White "lemmie"]
[Black "scottie"]
[Result "1-0"]
[WhiteCountry "NED"]
[BlackCountry "ENG"]
[WhiteElo "1728"]
[WhiteRD "58"]
[BlackElo "1353"]
[BlackRD "104"]
[GameID "252379"]

1. e4 e5 2. Nf3 Nc6 3. Bb5 a6 4. Ba4 Nf6 5. O-O Be7 6. Re1 b5 7. Bb3 d6 8. c3 O-O 9. h3 Na5 10. Bc2 d5
11. exd5 Nxd5 12. Nxe5 Bf6 13. d4 Bxe5 14. dxe5 Be6 15. Qd3 Nc6 16. Qxh7#
1-0

[Event "<1600, practising wit Ruy"]
[Site "SchemingMind.com"]
[Date "2010.06.24"]
[Round "-"]
[White "Timaeus"]
[Black "scottie"]
[Result "0-1"]
[WhiteCountry "JPN"]
[BlackCountry "ENG"]
[WhiteElo "1397"]
[WhiteRD "68"]
[BlackElo "1430"]
[BlackRD "87"]
[GameID "252380"]

1. e4 e5 2. Nf3 Nc6 3. Bb5 a6 4. Ba4 Nf6 5. O-O Be7 6. Re1 b5 7. Bb3 d6 8. c3 O-O 9. h3 Na5 10. Bc2 d5
11. Nxe5 Bd6 12. exd5 Nxd5 13. d4 Re8 14. Bf4 Nxf4 15. Be4 Bb7 16. Bxb7 Nxb7 17. Nc6 Qd7 18. Rxe8+ Rxe8 19. Ne5 Bxe5 20. Nd2 Bf6
21. Nf3 c5 22. Qd2 c4 23. Qxf4 a5 24. a4 b4 25. Rd1 Qxa4 26. Rd2 Qd7 27. cxb4 axb4 28. d5 c3 29. bxc3 Bxc3 30. Rd3 Rd8
31. Qc4 Qd6 32. Qb5 Nc5 33. Re3 Kf8 34. Re2 Ra8 35. g3 Qxd5 36. Kg2 Rc8 37. Re3 Qb7 38. Qe2 Ne6 39. Re4 b3 40. Rc4 Rxc4
41. Qxc4 b2 42. Qxc3 b1=Q 43. Qxg7+ Kxg7
0-1

[Event "<1600, practising wit Ruy"]
[Site "SchemingMind.com"]
[Date "2010.06.19"]
[Round "-"]
[White "lapista59"]
[Black "scottie"]
[Result "1-0"]
[WhiteCountry "HUN"]
[BlackCountry "ENG"]
[WhiteElo "1394"]
[WhiteRD "67"]
[BlackElo "1358"]
[BlackRD "112"]
[GameID "252381"]

1. e4 e5 2. Nf3 Nc6 3. Bb5 a6 4. Ba4 Nf6 5. O-O Be7 6. Re1 b5 7. Bb3 d6 8. c3 O-O 9. h3 Na5 10. Bc2 d5
11. Nxe5 Bd6 12. Qf3 Bxe5 13. exd5 Qd6 14. g3 Bxh3 15. d4 Bxg3 16. fxg3 Nxd5 17. Be4 Rae8 18. Bd2 Re6 19. Kh2 Rh6 20. Bf5 Bxf5+
21. Bxh6 Qxh6+ 22. Kg1 Bxb1 23. Qxd5 Bf5 24. Qxf5 Nc4 25. Re7 Nd6 26. Qd7 Qf6 27. Rf1 Qg5 28. Qxc7 Nf5 29. Qe5
1-0

[Event "<1600, practising wit Ruy"]
[Site "SchemingMind.com"]
[Date "2010.06.21"]
[Round "-"]
[White "Olli Ylönen"]
[Black "scottie"]
[Result "0-1"]
[WhiteCountry "FIN"]
[BlackCountry "ENG"]
[WhiteElo "1451"]
[WhiteRD "51"]
[BlackElo "1350"]
[BlackRD "91"]
[GameID "252382"]

1. e4 e5 2. Nf3 Nc6 3. Bb5 a6 4. Ba4 Nf6 5. O-O Be7 6. Re1 b5 7. Bb3 d6 8. c3 O-O 9. h3 Na5 10. Bc2 d5
11. d4 Nxe4 12. Bxe4 dxe4 13. Nxe5 Bb7 14. f3 exf3 15. gxf3 Bh4 16. Rf1 Qe7 17. b4 Nc6 18. Nxc6 Bxc6 19. Qd3 Rae8 20. d5 Bd7
21. Qd2 Qd6 22. Qg2 Qxd5 23. Bh6 Bf6 24. Nd2 Bxc3 25. Ne4 Rxe4 26. fxe4 Qd4+ 27. Kh1 Bxa1 28. Rg1 Bc6
0-1

[Event "<1600, practising wit Ruy"]
[Site "SchemingMind.com"]
[Date "2010.06.21"]
[Round "-"]
[White "swarupsawant"]
[Black "scottie"]
[Result "1-0"]
[WhiteCountry "IND"]
[BlackCountry "ENG"]
[WhiteElo "1683"]
[WhiteRD "64"]
[BlackElo "1353"]
[BlackRD "104"]
[GameID "252383"]

1. e4 e5 2. Nf3 Nc6 3. Bb5 a6 4. Ba4 Nf6 5. O-O Be7 6. Re1 b5 7. Bb3 d6 8. c3 O-O 9. h3 Na5 10. Bc2 d5
11. Nxe5 dxe4 12. b4 Bd6 13. Bxe4 Bb7 14. Bxb7 Nxb7 15. Nc6 Qd7 16. Qf3 Rae8 17. Rxe8 Rxe8 18. Kf1 Qe6 19. Qd1 Ne4 20. Nd4 Qd5
21. d3 Nf6 22. Be3 c5 23. bxc5 Nxc5 24. Na3 Nxd3 25. Naxb5 axb5 26. Qxd3 Rb8 27. Rb1 b4 28. c4 Qc6 29. Nxc6
1-0